00900nam a2200181 i 450000100060000000300090000600500170001500700030003200800410003511000570007624502870013326000570042030000210047750001370049861000280063570000290066385200260069231992ES-MaACL20250831073233.0t|030207s1873 sp ||||1| spa d2 aIglesia Católica. bPapa (1769-1774: Clemente XIV)10aBreve de nuestro muy santo padre Clemente XIV por el cual su santidad suprime, deroga y extingue el instituto y orden de los Clérigos Regulares, denominados de la Compañía de Jesús y la Real Cédula de Carslos III mandando poner en práctica en España el referido breve. aMadrid : bTipografía de Gregorio Estrada, c1873. a32 p. ; c24 cm. aEn portada: Año de 1773, en Madrid, en la imprenta de Pedro Marin. Fielmente reimpreso para conmemorar el centésimo aniversario.27aJesuitas-xExpulsión.1 aClemente bXIV c, Papa. aES-MaACLjFol-Laf-289